[Event "FRA-chT1B 0607"]
[Site "France"]
[Date "2006.10.15"]
[Round "1.6"]
[White "Gamet, Arnaud"]
[Black "Barret, Simon"]
[Result "1-0"]
[WhiteElo "2103"]
[BlackElo "2127"]
[PlyCount "57"]
[EventDate "2006.10.15"]
[EventType "team"]
[EventRounds "11"]
[EventCountry "FRA"]
[SourceTitle "EXT 2008"]
[Source "ChessBase"]
[SourceDate "2007.11.25"]
[SourceVersion "1"]
[SourceVersionDate "2007.11.25"]
[SourceQuality "1"]
[WhiteTeam "Hyeres"]
[BlackTeam "Avignon"]
[WhiteTeamCountry "FRA"]
[BlackTeamCountry "FRA"]

1. d4 d5 2. Nf3 Nf6 3. Bf4 c5 4. c3 cxd4 5. cxd4 Qb6 6. Qc1 Nc6 7. e3 Bf5 8. Nc3 Rc8 9. Be2 Ne4 10. Nxd5 Qa5+ 11. Nc3 e5 12. dxe5 Nxc3 13. bxc3 Ba3 14. Qd2 Rd8 15. Nd4 0-0 16. Bf3 Rd7 17. 0-0 Nxe5 18. Bxe5 Qxe5 19. Qe2 Rfd8 20. Rfd1 Bg6 21. c4 a6 22. Bd5 Bc5 23. Nb3 Ba7 24. Bxb7 a5 25. Bd5 a4 26. Na5 Rxd5 27. cxd5 Rxd5 28. Nc6 Qf6 29. Nxa7 1-0

[Event "FRA-ch U18"]
[Site "Aix les Bains"]
[Date "2006.04.??"]
[Round "3"]
[White "Fahys, Jonathan"]
[Black "Gamet, Arnaud"]
[Result "0-1"]
[WhiteElo "2010"]
[BlackElo "2097"]
[PlyCount "65"]
[EventDate "2006.04.??"]
[EventType "swiss"]
[EventRounds "8"]
[EventCountry "FRA"]
[SourceTitle "EXT 2007"]
[Source "ChessBase"]
[SourceDate "2006.11.23"]
[SourceVersion "1"]
[SourceVersionDate "2006.11.23"]
[SourceQuality "1"]

1. d4 Nf6 2. Nf3 g6 3. c4 Bg7 4. Nc3 d6 5. e4 0-0 6. Be2 e5 7. 0-0 Nc6 8. d5 Ne7 9. Ne1 a5 10. Be3 Ne8 11. c5 f5 12. f3 f4 13. Bf2 g5 14. cxd6 Nxd6 15. a4 h5 16. Rc1 Bd7 17. Nd3 b6 18. b4 Rf7 19. b5 Ng6 20. Rc2 Bf8 21. Qa1 Rg7 22. Nb1 Nf7 23. Nd2 g4 24. Nc4 Qg5 25. d6 g3 26. dxc7 gxf2+ 27. Rxf2 Qf6 28. Bf1 Rc8 29. Ncb2 Bd6 30. Qc1 Ng5 31. Nd1 Be8 32. Nc3 Ne7 33. Nb1 0-1

[Event "FRA-ch U18"]
[Site "Aix les Bains"]
[Date "2006.04.??"]
[Round "4"]
[White "Gamet, Arnaud"]
[Black "Soyez, Cyril"]
[Result "1/2-1/2"]
[WhiteElo "2097"]
[BlackElo "2147"]
[PlyCount "58"]
[EventDate "2006.04.??"]
[EventType "swiss"]
[EventRounds "8"]
[EventCountry "FRA"]
[SourceTitle "EXT 2007"]
[Source "ChessBase"]
[SourceDate "2006.11.23"]
[SourceVersion "1"]
[SourceVersionDate "2006.11.23"]
[SourceQuality "1"]

1. d4 c5 2. c3 g6 3. Nf3 Bg7 4. Bf4 d5 5. e3 Nc6 6. Nbd2 Nf6 7. h3 0-0 8. Be2 Qb6 9. Qc1 cxd4 10. exd4 Bf5 11. g4 Be4 12. Nxe4 Nxe4 13. Ng5 e5 14. Nxe4 exf4 15. Ng5 Rfe8 16. Qd2 Bxd4 17. 0-0-0 Bf6 18. Nf3 Qxf2 19. Rh2 Qe3 20. Qxe3 fxe3 21. Rxd5 Rad8 22. Rd1 Ne5 23. Nxe5 Bxe5 24. Rg2 g5 25. Rgg1 Bf4 26. Rxd8 Rxd8 27. Rd1 Rd2 28. Rxd2 exd2+ 29. Kc2 Kg7 1/2-1/2

[Event "FRA-ch U18"]
[Site "Aix les Bains"]
[Date "2006.04.??"]
[Round "5"]
[White "Remille, Tristan"]
[Black "Gamet, Arnaud"]
[Result "1-0"]
[WhiteElo "2113"]
[BlackElo "2097"]
[PlyCount "81"]
[EventDate "2006.04.??"]
[EventType "swiss"]
[EventRounds "8"]
[EventCountry "FRA"]
[SourceTitle "EXT 2007"]
[Source "ChessBase"]
[SourceDate "2006.11.23"]
[SourceVersion "1"]
[SourceVersionDate "2006.11.23"]
[SourceQuality "1"]

1. d4 Nf6 2. c4 c5 3. d5 b5 4. cxb5 a6 5. b6 e6 6. Nc3 Nxd5 7. Nxd5 exd5 8. Qxd5 Nc6 9. e4 Qf6 10. Nf3 Rb8 11. Bc4 Nb4 12. Qd1 h6 13. 0-0 Be7 14. Bd2 0-0 15. Bc3 Qg6 16. Ne5 Qxe4 17. Re1 Qc2 18. Bxb4 Qxd1 19. Raxd1 cxb4 20. Ng6 Bf6 21. Nxf8 Kxf8 22. Re2 a5 23. b7 Bxb7 24. Rxd7 Kg8 25. Bxf7+ Kh7 26. Be6 h5 27. Bd5 Rc8 28. h3 Ba8 29. Bxa8 Rxa8 30. Rd5 Kg6 31. Rb5 Ra6 32. Rd2 h4 33. Kf1 Be7 34. Rdd5 a4 35. Ra5 Rxa5 36. Rxa5 a3 37. bxa3 bxa3 38. Ke2 Kf6 39. Kd3 g5 40. Kc4 Kg6 41. Kb3 1-0

[Event "FRA-ch U16"]
[Site "Calvi"]
[Date "2005.04.23"]
[Round "8"]
[White "Rigolot, Matthieu"]
[Black "Gamet, Arnaud"]
[Result "0-1"]
[WhiteElo "2135"]
[BlackElo "2028"]
[PlyCount "88"]
[EventDate "2005.04.??"]
[EventType "swiss"]
[EventRounds "9"]
[EventCountry "FRA"]
[SourceTitle "EXT 2006"]
[Source "ChessBase"]
[SourceDate "2005.11.24"]
[SourceVersion "1"]
[SourceVersionDate "2005.11.24"]
[SourceQuality "1"]

1. d4 Nf6 2. c4 c5 3. d5 b5 4. cxb5 a6 5. bxa6 g6 6. Nc3 Bxa6 7. f4 d6 8. Nf3 Bg7 9. e4 Bxf1 10. Rxf1 Nfd7 11. Qe2 0-0 12. e5 Nb6 13. e6 f5 14. Ng5 Na6 15. h4 h5 16. Nf7 Qc8 17. g4 hxg4 18. h5 gxh5 19. Rh1 Nb4 20. Rxh5 Rxf7 21. exf7+ Kxf7 22. a3 N4xd5 23. Nxd5 Nxd5 24. Qc2 e6 25. Bd2 Qb7 26. Rb1 Qb5 27. Bc3 Qc4 28. Rxf5+ exf5 29. Qxf5+ Nf6 30. Bxf6 Bxf6 31. Qd7+ Be7 32. Qf5+ Ke8 33. Qh5+ Kd7 34. Rd1 Re8 35. Qxg4+ Qe6+ 36. Qxe6+ Kxe6 37. b4 Rf8 38. bxc5 dxc5 39. a4 Rxf4 40. Ra1 Kd5 41. a5 Rf8 42. a6 Ra8 43. Kd2 Bf6 44. Ra3 Bd4 0-1

[Event "Hautes Alpes op 3rd"]
[Site "Laragne"]
[Date "2002.??.??"]
[Round "9.10"]
[White "Chimento, Laurent"]
[Black "Gamet, Arnaud"]
[Result "1-0"]
[WhiteElo "1990"]
[BlackElo "1660"]
[PlyCount "55"]
[EventDate "2002.02.10"]
[EventType "swiss"]
[EventRounds "9"]
[EventCountry "FRA"]
[SourceTitle "CBM 086 Extra"]
[Source "ChessBase"]
[SourceDate "2002.03.14"]
[SourceVersion "1"]
[SourceVersionDate "2002.03.14"]
[SourceQuality "1"]

1. e4 c5 2. Nf3 d6 3. d4 cxd4 4. Nxd4 g6 5. Nc3 Bg7 6. Be3 Nc6 7. Qd2 Nxd4 8. Bxd4 Nf6 9. Bc4 0-0 10. f3 e6 11. 0-0-0 Ne8 12. Bxg7 Kxg7 13. Nb5 a6 14. Nxd6 Nxd6 15. Qxd6 Qg5+ 16. Qd2 Qxd2+ 17. Rxd2 b5 18. Bb3 f5 19. e5 Re8 20. Rhd1 a5 21. a3 Ra7 22. Rd6 Ree7 23. f4 h6 24. g3 g5 25. Kd2 Rac7 26. c3 Kf7 27. Ke3 Red7 28. Bxe6+ 1-0